[Event "Hessenliga 1921"]
[Site "Hessen"]
[Date "2020.03.01"]
[Round "7.2"]
[White "Sarkoezy, Benjamin"]
[Black "Kloninger, Paul"]
[Result "0-1"]
[WhiteElo "2110"]
[BlackElo "2293"]
[PlyCount "64"]
[EventDate "2019.09.22"]
[EventType "team-tourn"]
[EventRounds "9"]
[EventCountry "GER"]
[SourceTitle "EXT 2024"]
[Source "ChessBase"]
[SourceDate "2023.10.10"]
[SourceVersion "1"]
[SourceVersionDate "2023.10.10"]
[SourceQuality "1"]
[WhiteTeam "Dettingen"]
[BlackTeam "Fulda"]
[WhiteTeamCountry "GER"]
[BlackTeamCountry "GER"]

1. e4 c5 2. Nc3 Nc6 3. f4 e6 4. Nf3 d5 5. d3 Nf6 6. Qe2 Be7 7. g3 dxe4 8. dxe4 Nd4 9. Qd3 Nxf3+ 10. Qxf3 Bd7 11. Qe3 Bc6 12. Bd3 Qa5 13. Bd2 Qb6 14. 0-0-0 0-0-0 15. g4 Nd7 16. g5 a6 17. h4 Bb5 18. Nxb5 axb5 19. c4 Qa6 20. Kb1 bxc4 21. Be2 b5 22. Qc3 Rhg8 23. Rh3 Nb6 24. f5 Rd4 25. fxe6 fxe6 26. Qf3 Rgd8 27. Bc3 Rxd1+ 28. Bxd1 b4 29. Bxg7 c3 30. Bc2 Nc4 31. Bd3 Nd2+ 32. Ka1 Qxd3 0-1

[Event "Hessenliga 1819"]
[Site "Hessen"]
[Date "2018.11.04"]
[Round "2.3"]
[White "Rudolph, Peter"]
[Black "Sarkoezy, Benjamin"]
[Result "1-0"]
[WhiteElo "2120"]
[BlackElo "2110"]
[PlyCount "117"]
[EventDate "2018.09.23"]
[EventType "team-tourn"]
[EventRounds "9"]
[EventCountry "GER"]
[SourceTitle "EXT 2020"]
[Source "ChessBase"]
[SourceDate "2019.10.17"]
[SourceVersion "1"]
[SourceVersionDate "2019.10.17"]
[SourceQuality "1"]
[WhiteTeam "Giessen"]
[BlackTeam "Dettingen"]
[WhiteTeamCountry "GER"]
[BlackTeamCountry "GER"]

1. d4 f5 2. Nc3 Nf6 3. Bg5 d5 4. Nf3 Be6 5. e3 Nbd7 6. Be2 Bf7 7. h3 c6 8. Qd2 Ne4 9. Nxe4 dxe4 10. Ng1 Qb6 11. c3 0-0-0 12. Qc2 h6 13. Bh4 g5 14. Bg3 Bg7 15. f3 e5 16. fxe4 f4 17. exf4 gxf4 18. Bf2 exd4 19. Nf3 Qa5 20. Nxd4 Bxd4 21. Bxd4 Rhg8 22. b4 Qc7 23. 0-0 Be6 24. Rf3 Ne5 25. Bxe5 Qxe5 26. Raf1 Rg7 27. R1f2 Rdg8 28. Bf1 Qh5 29. Qd2 Bxh3 30. Rxf4 Qe8 31. Qd6 Rg6 32. Qf8 Be6 33. a3 Rxf8 34. Rxf8 Qxf8 35. Rxf8+ Kc7 36. Be2 Bb3 37. Kf2 Bc2 38. Bf3 Rd6 39. c4 Rd4 40. c5 Rd2+ 41. Ke3 Rd3+ 42. Kf4 Rxa3 43. Rf7+ Kd8 44. Rxb7 a5 45. bxa5 Rxa5 46. Ke5 Rxc5+ 47. Kd6 Rb5 48. Rh7 Ke8 49. Rxh6 Kf7 50. e5 Bg6 51. Bxc6 Rb2 52. Bd5+ Kg7 53. Rh4 Re2 54. Rb4 Kh6 55. Rb8 Kg5 56. e6 Bh5 57. e7 Kf4 58. Bf3 Rd2+ 59. Ke6 1-0

[Event "Hessenliga 1718"]
[Site "Hessen"]
[Date "2018.02.18"]
[Round "7.2"]
[White "Koch, Markus"]
[Black "Sarkoezy, Benjamin"]
[Result "0-1"]
[WhiteElo "2126"]
[BlackElo "2110"]
[PlyCount "56"]
[EventDate "2017.09.17"]
[EventType "team-tourn"]
[EventRounds "9"]
[EventCountry "GER"]
[SourceTitle "CBM 189 Extra"]
[Source "ChessBase"]
[SourceDate "2019.05.31"]
[SourceVersion "1"]
[SourceVersionDate "2019.05.31"]
[SourceQuality "1"]
[WhiteTeam "Frankfurt BvK"]
[BlackTeam "Dettingen"]
[WhiteTeamCountry "GER"]
[BlackTeamCountry "GER"]

1. d4 f5 2. Bg5 g6 3. Nc3 Bg7 4. h4 h6 5. Bf4 Nf6 6. f3 c5 7. d5 Nh5 8. Nh3 e5 9. g4 Nxf4 10. Nxf4 exf4 11. gxf5 Qb6 12. Rb1 gxf5 13. Bh3 d6 14. Rg1 Bf6 15. Kf1 Na6 16. Qd2 Bd7 17. Rg6 Be5 18. e3 0-0-0 19. exf4 Bd4 20. Ne2 Rhg8 21. Rxh6 Rh8 22. Rxh8 Rxh8 23. c3 Rxh4 24. Kg2 Bf6 25. c4 Qd8 26. Rh1 Qg8+ 27. Kf2 Qh7 28. Rg1 Qh8 0-1

[Event "Hessenliga 1718"]
[Site "Hessen"]
[Date "2017.12.03"]
[Round "4.4"]
[White "Sarkoezy, Benjamin"]
[Black "Halt, David"]
[Result "1-0"]
[WhiteElo "2110"]
[BlackElo "2042"]
[PlyCount "109"]
[EventDate "2017.09.17"]
[EventType "team-tourn"]
[EventRounds "9"]
[EventCountry "GER"]
[SourceTitle "CBM 189 Extra"]
[Source "ChessBase"]
[SourceDate "2019.05.31"]
[SourceVersion "1"]
[SourceVersionDate "2019.05.31"]
[SourceQuality "1"]
[WhiteTeam "Dettingen"]
[BlackTeam "Kassel II"]
[WhiteTeamCountry "GER"]
[BlackTeamCountry "GER"]

1. e4 e5 2. Nf3 Nc6 3. Bc4 Nf6 4. d3 Be7 5. Nbd2 d6 6. c3 Na5 7. Bb5+ c6 8. Ba4 b5 9. Bc2 c5 10. 0-0 Nc6 11. Re1 Qc7 12. Nf1 h6 13. Ne3 Be6 14. a4 b4 15. Bb3 Bxb3 16. Qxb3 Rb8 17. Qd1 Na5 18. Nd2 g6 19. Ndc4 bxc3 20. bxc3 Nb3 21. Rb1 Nxc1 22. Rxc1 0-0 23. Ng4 Qd7 24. Nce3 Nxg4 25. Nxg4 h5 26. Ne3 Bg5 27. Nd5 f5 28. Rc2 Qxa4 29. Qe2 Qd7 30. Ra2 Rb7 31. Ra6 Kg7 32. Rea1 Rf7 33. h3 f4 34. f3 Bd8 35. Qa2 g5 36. Kf2 Kf8 37. Rb1 Rxb1 38. Qxb1 Bb6 39. Nxb6 Qb7 40. Qb5 axb6 41. Rxb6 Qc7 42. Rb8+ Kg7 43. Qe8 Qa7 44. Qh8+ Kg6 45. Rd8 Qe7 46. Re8 Qd7 47. Qg8+ Kf6 48. c4 h4 49. Ke1 Qc7 50. Qh8+ Rg7 51. Qh6+ Rg6 52. Qf8+ Qf7 53. Qxd6+ Kg7 54. Qxe5+ Rf6 55. Re7 1-0

[Event "Hessenliga 1718"]
[Site "Hessen"]
[Date "2017.11.19"]
[Round "3.4"]
[White "Sunder, Thomas"]
[Black "Sarkoezy, Benjamin"]
[Result "1-0"]
[WhiteElo "2188"]
[BlackElo "2110"]
[PlyCount "93"]
[EventDate "2017.09.17"]
[EventType "team-tourn"]
[EventRounds "9"]
[EventCountry "GER"]
[SourceTitle "CBM 189 Extra"]
[Source "ChessBase"]
[SourceDate "2019.05.31"]
[SourceVersion "1"]
[SourceVersionDate "2019.05.31"]
[SourceQuality "1"]
[WhiteTeam "Giessen"]
[BlackTeam "Dettingen"]
[WhiteTeamCountry "GER"]
[BlackTeamCountry "GER"]

1. e4 c5 2. c4 Nc6 3. Nc3 g6 4. g3 Bg7 5. Bg2 d6 6. Nge2 e6 7. d3 Nge7 8. 0-0 0-0 9. Be3 Nd4 10. Qd2 Rb8 11. Bh6 Nxe2+ 12. Nxe2 Bxh6 13. Qxh6 e5 14. Nc3 Kh8 15. f4 Ng8 16. Qg5 f6 17. Qh4 Kg7 18. Bh3 Ne7 19. Bxc8 Qxc8 20. Rf2 exf4 21. Qxf4 Qe6 22. Raf1 a6 23. a4 Qe5 24. Kg2 Qxf4 25. gxf4 b6 26. Rb1 Nc6 27. Nd5 a5 28. Re1 Rfe8 29. Nc7 Re7 30. Nb5 Ra8 31. Rd2 Nd4 32. Nxd4 cxd4 33. Rde2 Rae8 34. Kf3 Kf7 35. b4 axb4 36. Rb1 Ra7 37. Rxb4 Ra6 38. Reb2 Ke6 39. Rxb6 Rxa4 40. e5 Rd8 41. Re2 fxe5 42. Rxe5+ Kd7 43. Rb7+ Kc6 44. Ree7 d5 45. Rec7+ Kd6 46. c5+ Ke6 47. Re7+ 1-0

[Event "Frankfurt-chA"]
[Site "Frankfurt"]
[Date "2017.05.29"]
[Round "6"]
[White "Sarkoezy, Benjamin"]
[Black "Egenolf, Dirk"]
[Result "1/2-1/2"]
[WhiteElo "2106"]
[BlackElo "1939"]
[PlyCount "75"]
[EventDate "2017.04.24"]
[EventType "swiss"]
[EventRounds "7"]
[EventCountry "GER"]
[SourceTitle "EXT 2018"]
[Source "ChessBase"]
[SourceDate "2017.10.13"]
[SourceVersion "1"]
[SourceVersionDate "2017.10.13"]
[SourceQuality "1"]

1. e4 c5 2. Nf3 e6 3. Nc3 Nc6 4. d4 cxd4 5. Nxd4 a6 6. Be3 d6 7. Qd2 Be7 8. 0-0-0 Nf6 9. f3 0-0 10. g4 Nxd4 11. Qxd4 b5 12. h4 e5 13. Qd2 Be6 14. Kb1 Qc7 15. g5 Nh5 16. Bh3 b4 17. Nd5 Bxd5 18. exd5 a5 19. Bg4 g6 20. f4 Nxf4 21. Bxf4 exf4 22. Qxf4 a4 23. h5 b3 24. cxb3 axb3 25. Rc1 Qa5 26. a3 Qxd5 27. hxg6 Bxg5 28. gxh7+ Kh8 29. Qc4 Qxc4 30. Rxc4 f5 31. Bd1 Ra7 32. Bxb3 Rxh7 33. Rg1 Bf6 34. Rf4 Rh2 35. Bc2 Rc8 36. Rxf5 Rcxc2 37. Rxf6 Rxb2+ 38. Ka1 1/2-1/2

[Event "Frankfurt-chA"]
[Site "Frankfurt"]
[Date "2017.05.15"]
[Round "4"]
[White "Sarkoezy, Benjamin"]
[Black "Teschler, Ulrich"]
[Result "1/2-1/2"]
[WhiteElo "2106"]
[BlackElo "1973"]
[PlyCount "67"]
[EventDate "2017.04.24"]
[EventType "swiss"]
[EventRounds "7"]
[EventCountry "GER"]
[SourceTitle "EXT 2018"]
[Source "ChessBase"]
[SourceDate "2017.10.13"]
[SourceVersion "1"]
[SourceVersionDate "2017.10.13"]
[SourceQuality "1"]

1. e4 e6 2. d4 d5 3. Nc3 Nf6 4. Bg5 Be7 5. e5 Nfd7 6. h4 h6 7. Bxe7 Qxe7 8. Qg4 f5 9. exf6 Nxf6 10. Qg3 a6 11. Bd3 0-0 12. Nf3 c5 13. dxc5 Nc6 14. 0-0-0 Qxc5 15. Kb1 Qb4 16. Rde1 Qg4 17. Qc7 Rf7 18. Qd6 Qb4 19. Qg3 Qg4 20. Qd6 Qb4 21. Qxb4 Nxb4 22. Bg6 Re7 23. Ne5 Nc6 24. f3 Bd7 25. g4 d4 26. g5 Nxe5 27. Rxe5 dxc3 28. gxf6 gxf6 29. Rh5 Bc6 30. Rxh6 Bxf3 31. Rg1 Rg7 32. Bh7+ Kf7 33. Bg6+ Ke7 34. bxc3 1/2-1/2

[Event "Oberliga Ost-B 1314"]
[Site "Germany"]
[Date "2014.04.05"]
[Round "10.6"]
[White "Sarkoezy, Benjamin"]
[Black "Jakel, Wolfgang"]
[Result "1-0"]
[WhiteElo "2113"]
[BlackElo "2210"]
[PlyCount "115"]
[EventDate "2013.10.13"]
[EventType "team-tourn"]
[EventRounds "11"]
[EventCountry "GER"]
[SourceTitle "EXT 2015"]
[Source "ChessBase"]
[SourceDate "2014.11.20"]
[SourceVersion "1"]
[SourceVersionDate "2014.11.20"]
[SourceQuality "1"]
[WhiteTeam "Oberursel"]
[BlackTeam "Offenbach"]
[WhiteTeamCountry "GER"]
[BlackTeamCountry "GER"]

1. e4 e5 2. Bc4 Nf6 3. d3 Nc6 4. Nf3 Be7 5. 0-0 d6 6. c3 0-0 7. Nbd2 Bg4 8. h3 Bh5 9. Re1 Nd7 10. Nf1 Na5 11. Bb5 c6 12. Ba4 b5 13. Bc2 Qc7 14. Ng3 Bg6 15. d4 Rfe8 16. h4 h6 17. h5 Bh7 18. Nh2 Nf6 19. Ng4 Kh8 20. Ne3 Bd8 21. dxe5 dxe5 22. Ngf5 c5 23. Qf3 Qb6 24. Nf1 Nc4 25. b3 Bxf5 26. Qxf5 Nd6 27. Qf3 Be7 28. a4 a6 29. Ng3 Nh7 30. Nf5 Nxf5 31. Qxf5 Bf6 32. Be3 Nf8 33. Rad1 c4 34. b4 Qe6 35. Qf3 Red8 36. Rd5 Rxd5 37. exd5 Qe8 38. Qe4 Rd8 39. axb5 axb5 40. Rd1 Kg8 41. Bc5 g6 42. hxg6 fxg6 43. d6 Kg7 44. Qb7+ Qd7 45. Qb6 Qg4 46. f3 Qh4 47. Qb7+ Rd7 48. Qxb5 e4 49. Qxc4 Be5 50. Qxe4 Qh2+ 51. Kf1 Bxc3 52. Qc4 Be5 53. Bb3 Kf6 54. Qg8 Rd8 55. Qf7+ Kg5 56. Qe7+ Bf6 57. Be3+ Kf5 58. Bc2# 1-0

[Event "Oberliga Ost-B 1314"]
[Site "Germany"]
[Date "2013.12.15"]
[Round "5.6"]
[White "Sarkoezy, Benjamin"]
[Black "Broemel, Richard"]
[Result "1/2-1/2"]
[WhiteElo "2113"]
[BlackElo "2172"]
[PlyCount "123"]
[EventDate "2013.10.13"]
[EventType "team-tourn"]
[EventRounds "11"]
[EventCountry "GER"]
[SourceTitle "EXT 2015"]
[Source "ChessBase"]
[SourceDate "2014.11.20"]
[SourceVersion "1"]
[SourceVersionDate "2014.11.20"]
[SourceQuality "1"]
[WhiteTeam "Oberursel"]
[BlackTeam "Jena"]
[WhiteTeamCountry "GER"]
[BlackTeamCountry "GER"]

1. e4 c6 2. d4 g6 3. Nc3 d5 4. Be3 Bg7 5. Qd2 Nf6 6. exd5 cxd5 7. Bh6 Bxh6 8. Qxh6 Bf5 9. 0-0-0 Nc6 10. f3 Qa5 11. Bb5 Rc8 12. g4 Bd7 13. Nh3 a6 14. Bxc6 Rxc6 15. Nf4 Rxc3 16. bxc3 Qxc3 17. Rde1 Ba4 18. Re2 Qa1+ 19. Kd2 Qxd4+ 20. Nd3 Qc4 21. Rc1 Nd7 22. Qg7 Rf8 23. Qb2 Bb5 24. Rce1 e6 25. Qa3 Qc6 26. f4 Nb6 27. Kc1 Nc4 28. Qc3 Nd6 29. Rxe6+ fxe6 30. Rxe6+ Kd8 31. Qe5 Kc7 32. Nb4 Qd7 33. Re7 Bc4 34. Rxd7+ Kxd7 35. Nxd5 Bxd5 36. Qxd5 Rxf4 37. h3 Re4 38. Qg8 Re7 39. Qd5 Kc7 40. Qc5+ Kd7 41. Qd4 Re4 42. Qh8 Re7 43. Qg8 Kc7 44. Kb2 Rf7 45. c3 Kc6 46. Kb3 Re7 47. Kc2 Rf7 48. Kd2 Re7 49. Kd3 Rd7 50. Kd4 Nf7+ 51. Ke3 Nd6 52. Kf4 b5 53. Qa8+ Kb6 54. Ke5 Nb7 55. Qe8 Rc7 56. Kd4 Rc4+ 57. Kd3 Nc5+ 58. Kc2 Na4 59. Qb8+ Kc6 60. Qc8+ Kb6 61. Qb8+ Kc6 62. Qc8+ 1/2-1/2

[Event "Oberliga Ost-B 1314"]
[Site "Germany"]
[Date "2013.11.10"]
[Round "3.5"]
[White "Sarkoezy, Benjamin"]
[Black "Heyder, Florian"]
[Result "1-0"]
[WhiteElo "2113"]
[BlackElo "2139"]
[PlyCount "69"]
[EventDate "2013.10.13"]
[EventType "team-tourn"]
[EventRounds "11"]
[EventCountry "GER"]
[SourceTitle "EXT 2015"]
[Source "ChessBase"]
[SourceDate "2014.11.20"]
[SourceVersion "1"]
[SourceVersionDate "2014.11.20"]
[SourceQuality "1"]
[WhiteTeam "Oberursel"]
[BlackTeam "Sangerhausen"]
[WhiteTeamCountry "GER"]
[BlackTeamCountry "GER"]

1. e4 c5 2. Nf3 e6 3. Nc3 a6 4. d4 cxd4 5. Nxd4 Qc7 6. Bd3 Nf6 7. Qe2 d6 8. Bg5 Nbd7 9. 0-0-0 Be7 10. f4 b5 11. a3 Bb7 12. Rhe1 h6 13. Bh4 g5 14. fxg5 hxg5 15. Bxg5 Rxh2 16. Bf4 Rh8 17. Bxb5 e5 18. Nf5 axb5 19. Nxb5 Qc6 20. Nbxd6+ Bxd6 21. Nxd6+ Kf8 22. Bg5 Rh5 23. Bxf6 Nxf6 24. Qf3 Rh6 25. Qb3 Nd5 26. Rxd5 Rxd6 27. Rxd6 Qxd6 28. Qxb7 Qh6+ 29. Kb1 Rd8 30. Qc7 Re8 31. Qc5+ Kg8 32. Qd5 Qg5 33. Rf1 Re6 34. Rf5 Qxg2 35. Qd8+ 1-0

[Event "Eschborn op 10th"]
[Site "Eschborn"]
[Date "2013.09.01"]
[Round "5"]
[White "Syed, Tareq"]
[Black "Sarkoezy, Benjamin"]
[Result "1/2-1/2"]
[WhiteElo "1916"]
[BlackElo "2126"]
[PlyCount "39"]
[EventDate "2013.08.30"]
[EventType "swiss"]
[EventRounds "5"]
[EventCountry "GER"]
[SourceTitle "EXT 2014"]
[Source "ChessBase"]
[SourceDate "2013.11.20"]
[SourceVersion "1"]
[SourceVersionDate "2013.11.20"]
[SourceQuality "1"]

1. d3 c5 2. g3 Nc6 3. Bg2 d5 4. Nd2 Nf6 5. e4 g6 6. Ngf3 Bg7 7. 0-0 0-0 8. c3 Qc7 9. Re1 Rd8 10. a3 Bg4 11. Qc2 Rd7 12. h3 Bxf3 13. Nxf3 Rad8 14. e5 Re8 15. e6 fxe6 16. Ng5 Rd6 17. Nxe6 Rxe6 18. Rxe6 Qd7 19. Re2 Qf5 20. f4 1/2-1/2

[Event "Wiesbaden op 25th"]
[Site "Wiesbaden"]
[Date "2013.08.24"]
[Round "4"]
[White "Zeyer, Oliver"]
[Black "Sarkoezy, Benjamin"]
[Result "1/2-1/2"]
[WhiteElo "2022"]
[BlackElo "2121"]
[PlyCount "53"]
[EventDate "2013.08.22"]
[EventType "swiss"]
[EventRounds "7"]
[EventCountry "GER"]
[SourceTitle "CBM 156 Extra"]
[Source "ChessBase"]
[SourceDate "2013.10.22"]
[SourceVersion "1"]
[SourceVersionDate "2013.10.22"]
[SourceQuality "1"]

1. e4 c5 2. Nf3 Nc6 3. d4 cxd4 4. Nxd4 g6 5. Be3 Nf6 6. Nc3 Bg7 7. Bc4 Qa5 8. Nb3 Qb4 9. Nd2 Qxb2 10. Nb5 Qe5 11. f4 Qb8 12. 0-0 d6 13. c3 Ng4 14. Qf3 Nxe3 15. Qxe3 0-0 16. f5 Ne5 17. Bb3 Bd7 18. Nd4 Qc7 19. N2f3 Rae8 20. Rac1 Qb6 21. fxg6 hxg6 22. Ng5 Bf6 23. Qg3 Kg7 24. Kh1 Ng4 25. Nde6+ Bxe6 26. Nxe6+ fxe6 27. Qxg4 1/2-1/2

[Event "Wiesbaden op 25th"]
[Site "Wiesbaden"]
[Date "2013.08.23"]
[Round "2"]
[White "Lenz, Jonas"]
[Black "Sarkoezy, Benjamin"]
[Result "1/2-1/2"]
[WhiteElo "1930"]
[BlackElo "2121"]
[PlyCount "68"]
[EventDate "2013.08.22"]
[EventType "swiss"]
[EventRounds "7"]
[EventCountry "GER"]
[SourceTitle "EXT 2014"]
[Source "ChessBase"]
[SourceDate "2013.11.20"]
[SourceVersion "1"]
[SourceVersionDate "2013.11.20"]
[SourceQuality "1"]

1. e4 c5 2. Nf3 Nc6 3. d4 cxd4 4. Nxd4 g6 5. c4 Nf6 6. Nc3 d6 7. Be2 Nxd4 8. Qxd4 Bg7 9. Be3 0-0 10. Qd2 Qa5 11. 0-0 Be6 12. Rac1 Rfc8 13. b3 a6 14. Nd5 Qxd2 15. Nxf6+ Bxf6 16. Bxd2 Bd7 17. Be3 Bb2 18. Rcd1 Bc6 19. Bd4 Bxd4 20. Rxd4 b5 21. Rc1 Be8 22. Rd5 Bd7 23. Rdd1 Bc6 24. Rd4 Be8 25. Rd5 Rc7 26. Kf1 Kg7 27. c5 a5 28. e5 dxe5 29. Rxe5 Rd8 30. Ke1 Kf6 31. f4 Rd4 32. g3 a4 33. c6 axb3 34. axb3 Rxc6 1/2-1/2

[Event "Karl Mala Memorial op-A 16th"]
[Site "Frankfurt"]
[Date "2013.07.13"]
[Round "5"]
[White "Sarkoezy, Benjamin"]
[Black "Krzesinski, Paul"]
[Result "1-0"]
[WhiteElo "2115"]
[BlackElo "1980"]
[PlyCount "67"]
[EventDate "2013.07.11"]
[EventType "swiss"]
[EventRounds "7"]
[EventCountry "GER"]
[SourceTitle "EXT 2014"]
[Source "ChessBase"]
[SourceDate "2013.11.20"]
[SourceVersion "1"]
[SourceVersionDate "2013.11.20"]
[SourceQuality "1"]

1. e4 e5 2. Nf3 Nc6 3. Bc4 Nf6 4. d3 Be7 5. c3 0-0 6. 0-0 d5 7. exd5 Nxd5 8. Re1 Bf6 9. Nbd2 g6 10. Ne4 Bg7 11. Bg5 f6 12. Qb3 Nce7 13. Bh4 c6 14. d4 Nf5 15. Bg3 exd4 16. Nxd4 Nxd4 17. cxd4 Kh8 18. Bd6 Re8 19. Ba3 Qa5 20. Bxd5 cxd5 21. Bb4 Qb6 22. Nd6 Rf8 23. Nf7+ Rxf7 24. Re8+ Bf8 25. Bxf8 Qc6 26. Rae1 h5 27. Qe3 g5 28. h4 b6 29. hxg5 fxg5 30. Qxg5 Bg4 31. Bg7+ Kh7 32. R1e6 Qxe6 33. Rxe6 Rxg7 34. Rh6+ 1-0

[Event "Karl Mala Memorial op-A 16th"]
[Site "Frankfurt"]
[Date "2013.07.13"]
[Round "4"]
[White "Syrov, Arkadi"]
[Black "Sarkoezy, Benjamin"]
[Result "1/2-1/2"]
[WhiteElo "1990"]
[BlackElo "2115"]
[PlyCount "84"]
[EventDate "2013.07.11"]
[EventType "swiss"]
[EventRounds "7"]
[EventCountry "GER"]
[SourceTitle "EXT 2014"]
[Source "ChessBase"]
[SourceDate "2013.11.20"]
[SourceVersion "1"]
[SourceVersionDate "2013.11.20"]
[SourceQuality "1"]

1. e4 c5 2. Nf3 Nc6 3. Bb5 Nf6 4. e5 Nd5 5. Bxc6 dxc6 6. c4 Nc7 7. 0-0 Bg4 8. h3 Bxf3 9. Qxf3 g6 10. b3 Bg7 11. Bb2 0-0 12. Qe3 Ne6 13. Nc3 Qc7 14. Ne2 Rad8 15. f4 Qd7 16. Rad1 Qd3 17. Nc1 Qc2 18. Qc3 Qxc3 19. Bxc3 Nd4 20. Rde1 e6 21. Ne2 Nxe2+ 22. Rxe2 Rd3 23. Re3 Rfd8 24. Kf2 R3d7 25. Ke2 Bh6 26. h4 b5 27. Ba5 Rb8 28. Rd3 Rbb7 29. Rxd7 Rxd7 30. Bc3 Bf8 31. g4 h5 32. g5 Be7 33. Ke3 Kf8 34. d3 Ke8 35. Kd2 Kd8 36. Kc2 Kc8 37. Re1 Kb7 38. Bd2 Bd8 39. Be3 Bb6 40. Rd1 Rd8 41. Bf2 Ka6 42. Be3 Kb7 1/2-1/2

[Event "Karl Mala Memorial op-A 16th"]
[Site "Frankfurt"]
[Date "2013.07.12"]
[Round "3"]
[White "Sarkoezy, Benjamin"]
[Black "Niekrens, Stefan"]
[Result "1-0"]
[WhiteElo "2115"]
[BlackElo "1952"]
[PlyCount "81"]
[EventDate "2013.07.11"]
[EventType "swiss"]
[EventRounds "7"]
[EventCountry "GER"]
[SourceTitle "EXT 2014"]
[Source "ChessBase"]
[SourceDate "2013.11.20"]
[SourceVersion "1"]
[SourceVersionDate "2013.11.20"]
[SourceQuality "1"]

1. e4 e5 2. Nf3 Nf6 3. Nxe5 d6 4. Nf3 Nxe4 5. Nc3 Nxc3 6. dxc3 Be7 7. Be3 Nc6 8. Qd2 Be6 9. 0-0-0 a6 10. Kb1 Qd7 11. Ng5 Bxg5 12. Bxg5 f6 13. Be3 0-0-0 14. f4 Qf7 15. b3 Rhe8 16. Bf2 Bg4 17. Rc1 Qh5 18. h3 Be2 19. Re1 Bxf1 20. Rhxf1 Rxe1+ 21. Rxe1 Re8 22. Rxe8+ Qxe8 23. Qe3 Qxe3 24. Bxe3 f5 25. g4 fxg4 26. hxg4 g6 27. c4 Kd7 28. c3 Ke6 29. Kc2 Kf6 30. Bf2 h5 31. Bh4+ Kf7 32. gxh5 gxh5 33. Kd3 Ne7 34. Ke4 Ng8 35. Kf5 c6 36. Bg5 b5 37. cxb5 cxb5 38. c4 bxc4 39. bxc4 Nh6+ 40. Bxh6 h4 41. Kg4 1-0

[Event "Bad Zwesten op 16th"]
[Site "Bad Zwesten"]
[Date "2013.01.05"]
[Round "5"]
[White "Sarkoezy, Benjamin"]
[Black "Cherny, Andrey"]
[Result "1-0"]
[WhiteElo "2108"]
[BlackElo "2214"]
[PlyCount "67"]
[EventDate "2013.01.02"]
[EventType "swiss"]
[EventRounds "7"]
[EventCountry "GER"]
[SourceTitle "CBM 152 Extra"]
[Source "ChessBase"]
[SourceDate "2013.02.25"]
[SourceVersion "1"]
[SourceVersionDate "2013.02.25"]
[SourceQuality "1"]

1. e4 c5 2. Nf3 e6 3. d4 cxd4 4. Nxd4 Nc6 5. Nc3 Qc7 6. Be3 a6 7. Qd2 Nf6 8. f3 Ne5 9. g4 Bb4 10. g5 Nxf3+ 11. Nxf3 Nxe4 12. Qd4 Bxc3+ 13. bxc3 Qxc3+ 14. Qxc3 Nxc3 15. Bd4 Nd5 16. Bxg7 Rg8 17. Be5 f6 18. gxf6 Kf7 19. Bd3 h6 20. 0-0-0 Nxf6 21. Rdf1 Ke7 22. Rhg1 Rxg1 23. Rxg1 Ne8 24. Rg6 d6 25. Bg3 Bd7 26. Rxh6 Bc6 27. Nd4 Bd5 28. Bg6 Nf6 29. Bh4 Rf8 30. Rh7+ Kd8 31. Rh8 Rxh8 32. Bxf6+ Kd7 33. Bxh8 Bxa2 34. Nb3 1-0

[Event "Plzen op 4th"]
[Site "Plzen"]
[Date "2012.11.24"]
[Round "7"]
[White "Sarkoezy, Benjamin"]
[Black "Waisberg, Arnold"]
[Result "1-0"]
[WhiteElo "2090"]
[BlackElo "1965"]
[PlyCount "73"]
[EventDate "2012.11.18"]
[EventType "swiss"]
[EventRounds "7"]
[EventCountry "CZE"]
[SourceTitle "CBM 151 Extra"]
[Source "ChessBase"]
[SourceDate "2012.12.18"]
[SourceVersion "1"]
[SourceVersionDate "2012.12.18"]
[SourceQuality "1"]

1. e4 e5 2. Nf3 Nc6 3. d4 exd4 4. Bc4 Nf6 5. e5 d5 6. Bb5 Ne4 7. Nxd4 Bd7 8. Bxc6 bxc6 9. 0-0 Bc5 10. f3 Ng5 11. f4 Ne4 12. Be3 Qe7 13. Nd2 Nxd2 14. Qxd2 0-0 15. Nb3 Bb6 16. Rae1 Bf5 17. Qc3 Qe6 18. Bc5 Rfd8 19. Nd4 Qg6 20. Re3 Be4 21. Rg3 Qh6 22. f5 Re8 23. f6 g6 24. e6 Bxc5 25. Qxc5 Qf8 26. Qxf8+ Kxf8 27. e7+ Kg8 28. Nxc6 Bxc2 29. Rc1 Be4 30. Nd4 Rac8 31. Rc5 h6 32. Rb3 g5 33. Rb7 Kh7 34. Rcxc7 Rxc7 35. Rxc7 Kg6 36. Rc6 Bb1 37. Rd6 1-0

[Event "Plzen op 4th"]
[Site "Plzen"]
[Date "2012.11.23"]
[Round "6"]
[White "Vorobyov, Yrij"]
[Black "Sarkoezy, Benjamin"]
[Result "1/2-1/2"]
[WhiteElo "2252"]
[BlackElo "2090"]
[PlyCount "52"]
[EventDate "2012.11.18"]
[EventType "swiss"]
[EventRounds "7"]
[EventCountry "CZE"]
[SourceTitle "CBM 151 Extra"]
[Source "ChessBase"]
[SourceDate "2012.12.18"]
[SourceVersion "1"]
[SourceVersionDate "2012.12.18"]
[SourceQuality "1"]

1. c4 c5 2. Nf3 g6 3. d4 cxd4 4. Nxd4 Nc6 5. e4 Nf6 6. Nc3 d6 7. Be2 Nxd4 8. Qxd4 Bg7 9. 0-0 0-0 10. Qd3 Be6 11. Be3 Qa5 12. Bd4 Rfc8 13. b3 a6 14. a4 Nd7 15. Bxg7 Kxg7 16. f4 f6 17. Kh1 Nc5 18. Qc2 Qb4 19. Rab1 b5 20. axb5 axb5 21. Nxb5 d5 22. Nd4 dxc4 23. Nxe6+ Nxe6 24. Bxc4 Nd4 25. Qd3 Rd8 26. Bd5 Ra2 1/2-1/2

[Event "Plzen op 4th"]
[Site "Plzen"]
[Date "2012.11.21"]
[Round "4"]
[White "Jiruse, Josef"]
[Black "Sarkoezy, Benjamin"]
[Result "0-1"]
[WhiteElo "2005"]
[BlackElo "2090"]
[PlyCount "110"]
[EventDate "2012.11.18"]
[EventType "swiss"]
[EventRounds "7"]
[EventCountry "CZE"]
[SourceTitle "CBM 151 Extra"]
[Source "ChessBase"]
[SourceDate "2012.12.18"]
[SourceVersion "1"]
[SourceVersionDate "2012.12.18"]
[SourceQuality "1"]

1. e4 c5 2. Nc3 Nc6 3. f4 g6 4. Nf3 Bg7 5. Bc4 e6 6. d3 Nge7 7. 0-0 0-0 8. Qe1 Nd4 9. Bb3 d5 10. e5 Nef5 11. Ne2 Nxe2+ 12. Qxe2 Bd7 13. c3 b5 14. g4 Ne7 15. Be3 Qc7 16. Qf2 Rac8 17. d4 cxd4 18. Bxd4 a6 19. Qh4 Qd8 20. Rae1 Nc6 21. g5 Ne7 22. Qf2 Qc7 23. a3 Rfe8 24. Bc2 b4 25. a4 bxc3 26. bxc3 Bf8 27. h4 Qc4 28. Nd2 Qc7 29. h5 Nf5 30. hxg6 fxg6 31. Bd3 Bxa4 32. Bxa6 Ra8 33. Be2 Nxd4 34. cxd4 Qc2 35. Nf3 Qf5 36. Nh2 Rec8 37. Ng4 Kf7 38. Rc1 Bb3 39. Qh4 h5 40. gxh6 Be7 41. Qg3 Bc4 42. Ne3 Qe4 43. Nxc4 dxc4 44. f5 Qxd4+ 45. Kh2 exf5 46. e6+ Kf6 47. Rxf5+ Kxf5 48. Rf1+ Kxe6 49. Qxg6+ Kd7 50. Bg4+ Kc7 51. Rd1 Qf2+ 52. Kh1 Qh4+ 53. Kg2 Ra2+ 54. Kf3 Qf2+ 55. Ke4 Qg2+ 0-1